PHP. Programujeme profesionálně /

Uložené v:
Podrobná bibliografia
Hlavní autori: Castagnetto, Jesus (Autor), Rawat, Harish (Autor), Schumann, Sascha (Autor), Scollo, Chris (Autor), Veliath, Deepak (Autor)
Médium: Kniha
Jazyk:Czech
Vydavateľské údaje: Praha : Computer Press, 2001
Vydanie:1. vyd.
Predmet:
Tagy: Pridať tag
Žiadne tagy, Buďte prvý, kto otaguje tento záznam!

MARC

LEADER 00000nam a22000003a 4500
001 stu57723
005 20230512111650.9
008 010430s2001----xr------------------cze-d
020 |a 80-7226-310-2 
040 |a STU  |b slo 
041 0 |a cze 
044 |a xr 
080 |a 681.324.06 
080 |a 519.68 
084 |a B6210L  |2 INS 
084 |a C6140  |2 INS 
084 |a C6150  |2 INS 
084 |a D5020  |2 INS 
100 1 |a Castagnetto, Jesus  |4 aut 
245 1 |a PHP. Programujeme profesionálně /  |c Aut.:Castagnetto, Jesus a kol. 
250 |a 1. vyd. 
260 |a Praha :  |b Computer Press,  |c 2001 
300 |a 656 s 
650 7 |a Preprocesor hypertextový  |2 stusub 
650 7 |a Internet-siete počítačové medzinárodné  |2 stusub 
650 7 |a Jazyk skriptovací  |2 stusub 
650 7 |a PHP-siete počítačové medzinárodné  |2 stusub 
650 7 |a hypertexty  |2 stusub 
650 7 |a internet  |2 stusub 
650 7 |a World Wide Web  |2 estusub 
650 7 |a WWW dokumenty  |2 stusub 
650 7 |a HTML  |2 stusub 
650 7 |a programovanie  |2 stusub 
650 7 |a programovacie jazyky  |2 stusub 
650 7 |a programovacie metódy  |2 stusub 
650 7 |a programové procesory  |2 stusub 
700 1 |a Rawat, Harish  |4 aut 
700 1 |a Schumann, Sascha  |4 aut 
700 1 |a Scollo, Chris  |4 aut 
700 1 |a Veliath, Deepak  |4 aut 
996 |b 284M024330  |c M*10695-1  |l MMKN  |s A  |a 24  |w stu57723_0002 
996 |b 284M050421  |c M*10695-2  |l MMKN  |s A  |a 24  |w stu57723_0003 
996 |c I*16PJ13517  |l II680  |s A  |a 24  |w stu57723_0005